Energetic materials mathematical modeling in engineering design
Saved in:
| Main Author: | |
|---|---|
| Format: | Book |
| Language: | English |
| Published: |
Kuala Lumpur
Penerbit UPNM
2019
|
| Subjects: | |
| Tags: |
Add Tag
No Tags, Be the first to tag this record!
|
| Call Number : | TP 270 .M357 2019 |
MARC
| LEADER | 00000nam a2200000 c 4500 | ||
|---|---|---|---|
| 001 | 53029 | ||
| 003 | MY-KLNDU | ||
| 005 | 20241219014336.0 | ||
| 008 | 221104s2019 my a b 001 0 eng d | ||
| 020 | |a 9789675985874 | ||
| 039 | 9 | |a 202211041227 |b VLOAD |y 201910221157 |z azraai | |
| 040 | |a UPNM |b eng |c UPNM |e rda | ||
| 090 | |a TP 270 |b .M357 2019 | ||
| 100 | 0 | |a Muhammad Akram Muhammad Khan |e author | |
| 245 | 1 | 0 | |a Energetic materials |b mathematical modeling in engineering design |c Muhammad Akram Muhammad Khan |
| 264 | 1 | |a Kuala Lumpur |b Penerbit UPNM |c 2019 | |
| 300 | |a xiii, 145 pages |b illustrations |c 23 cm | ||
| 336 | |a text |2 rdacontent | ||
| 337 | |a unmediated |2 rdamedia | ||
| 338 | |a volume |2 rdacarrier | ||
| 504 | |a Includes bibliographical references and index | ||
| 592 | |b 18/9/19 |c Hadiah & Sumbangan |h Penerbit UPNM | ||
| 650 | 0 | |a Explosives | |
| 999 | |a vtls000065180 |c 53029 |d 53029 | ||


